000 01488nam a2200325 c 4500
999 _c37393
_d37393
003 BLK
005 20200424154857.0
008 180408b bul|||||r ||||||| ||bul||
010 _aKNG00040540000
040 _aBLK
041 _aBUL
_cBUL
072 7 _2bullib
_aА
_xФонд Михаил Арнаудов
072 7 _2bullib
_aЯ
_xАвтографи
080 _aБългарска литература
_b821.163.2
_x-7
_z821.163.2-7
100 1 _aИкономов, Николай Илиев
_eпърви автор
_9275499
139 _aИкономов, Николай Илиев
_bИ 50
245 1 0 _aТемида
_bХудож.-лит. и хуморист. сб.
_cНиколай Илиев Икономов.
257 _aBGR
260 _c1943
_fСофия : Рангел Младенов
300 _a138 с.
_bс ил.
_c24 см
380 _aX
490 _9396381
_aЧастна колекция - Академик Михаил Арнаудов
_vДарение - Основен фонд
500 _aИзрезка: Статия за 100 години от рождението на Стоян Михайловски. - в. Вечерни новини, 19. І. 1956, бр. 16 (датирането е от М. Арнаудов) ; Автограф с текст: На г. проф. М. Арнаудов Н. Икономов 7/ V 43 г.(инв. № 590567). - Мека подв.
659 _aА
659 _aЯ
852 _aМА 2616
_bМА
856 4 _qpdf
856 4 _qpdf
942 _cKNG
_n0
_s1
944 _aCR
_c17.11.2017
_kГеновева_Генчева
944 _aED
_c17.11.2017
_kГеновева_Генчева
999 _d37393
999 _d37393
999 _d37393